000 00958nam0a22002771 4500
001 rc\2852092
005 20250529204648.0
035 _a(NLR Aleph) 007006891
090 _a5775523
_c5775523
100 _a20110705d1932 |||y0rusy50 ca
101 1 _arus
_ceng
102 _aRU
105 _aa z |||||
200 1 _aПредохранительное покрытие металлами
_fГ. Роудон
_gПер. с англ. С.С. Эйбушитц
_gПод ред. Н. Н. Мурача
205 _a2-е изд.
210 _aМосква
_cЦветметиздат
_d1932
215 _aОбл., 214, [2] с.
_cил.
_d22х15 см
320 _aБиблиогр.: "Библиография" (с. 187-215)
700 1 _aРоудон
_bГ.
_gГенри
702 1 _aЭйбушитц
_bС.С.
_4730
702 1 _aМурач
_bН.Н.
_4340
801 0 _aRU
_bNLR
_gpsbo
801 1 _aRU
_bELAR
_2rusmarc
852 _aNLR
_j32-4/1545
942 _cBOOK
980 _aNB